Isteri mithali : idaman seorang suami

Bibliographic Details
Main Author: Muhamad Hasnawi
Corporate Author: Title
Format: Book
Published: Kuala Lumpur : Jasmin Enterprise , 2004
Subjects:

MARC

LEADER 00000cam a2200000 7i4500
001 0000012700
005 20071228.0
008 071228
020 |a 9832565812 
090 0 0 |a 297.577   |b MUH 
100 1 |a Muhamad Hasnawi 
245 1 0 |a Isteri mithali :   |b idaman seorang suami   |c Muhammad Hasnawi 
260 |a Kuala Lumpur :   |b Jasmin Enterprise ,   |c 2004 
650 0 |a Marriage   |x religious aspects   |x Islam 
650 0 |a Wives   |x Religious aspects   |x Islam 
710 0 |a Title 
999 |a 0001008302   |b Book   |c Adult Collection   |e Desa - PPAJ 
999 |a 0001008303   |b Book   |c Adult Collection   |e Perbadanan Perpustakaan Awam Johor 
999 |a 0001008448   |b Book   |c Adult Collection   |e Perbadanan Perpustakaan Awam Johor 
999 |a 0001008449   |b Book   |c Adult Collection   |e Cawangan Urban Transformation Centre 
999 |a 0001008450   |b Book   |c Adult Collection   |e Perbadanan Perpustakaan Awam Johor